| 000 | 00567nam a22001937a 4500 | ||
|---|---|---|---|
| 003 | KOHA_MİRAKIL | ||
| 005 | 20251024160712.0 | ||
| 008 | 251024b tu ||||| |||| 00| 0 tur d | ||
| 020 | _a9786059556330 | ||
| 040 |
_aTR-AnABB _btur _cTR-AnABB |
||
| 041 | _atur | ||
| 082 |
_a839.6934 _bBAL 2017 |
||
| 100 | 1 | _aBaldursdottir, Kristin Marja, | |
| 245 | 1 | 0 |
_aBuz ressamı Karitas / _cKristin Marja Baldursdottir |
| 260 |
_aİstanbul : _bHece Yayınları, _c2017 |
||
| 300 |
_a477 sayfa ; _c20 cm |
||
| 650 | 0 | 4 | _aİzlanda edebiyatı, roman |
| 942 |
_2ddc _cBK |
||
| 999 |
_c9213 _d9213 |
||
| 900 | _bGizem YORULMAZ | ||